000 00317nam a22001457a 4500
008 210428b ||||| |||| 00| 0 eng d
020 _a9783930656905
041 _aeng
080 _a902
082 _a902
100 _a45
101 _aARK
245 _aGeschichte der Hexenprozesse
_cWolf,H.J
942 _2udc
_cBK
999 _c56890
_d56890